Länder, die Estland am nächsten liegen - Einminütiger Sprint - Statistiken

Allgemein
  • Dieses Quiz wurde 140 mal gespielt
  • Das Durchschnittsergebnis liegt bei 15 aus 20
Antwortstatistiken
km Land % Korrekt
0 Lettland
99%
152 Litauen
99%
396 Polen
99%
0 Russland
99%
47 Finnland
98%
150 Schweden
97%
157 Weißrussland
95%
636 Deutschland
94%
554 Norwegen
90%
622 Ukraine
87%
890 Tschechien
84%
523 Dänemark
79%
939 Slowakei
75%
1041 Ungarn
69%
1076 Österreich
59%
1030 Rumänien
51%
1288 Slowenien
46%
1013 Moldawien
43%
1067 Niederlande
38%
1283 Belgien
36%
Keine übereinstimmenden Quizze gefunden
Verteilung der Resultate
Anzahl Personen mit jedem Resultat
Perzentil nach korrekt beantworteten Fragen
Ihre Resultats-Entwicklung
Sie haben dieses Quiz noch nicht gespielt